MDQL
is popping MORE tags! Check the
thread
!
Quizzes
Events
Quiz Creation
Community
Videos
Private Events
Remove Ads
Sign In
Join for FREE
Feedback
Dark Mode
Quiz Categories
Sports
Geography
Music
Movies
Television
Just For Fun
Miscellaneous
History
Literature
Language
Science
Gaming
Entertainment
Religion
Holiday
For Kids
Quiz Lab
Recent
Popular Today
Quiz Kudos Today
Editor Picks
Curator Picks
Quizzes by...
Day
Popularity
Type
Ratings
Length
Year
Community
Subscriptions
Recent Discussions
Orange Saloon
Badges
Playlists
Quests
Create
Leaderboards
Showdown
Live 5
Trivia Bingo
Activity
Puzzle Library
Sporcle Events
Private Events
Virtual Trivia
Globe League
Become a Host
Pub Owners
SporcleCon
Opinionation
Our Games
Videos
Blog
Mobile Apps
Partnerships
Remove Ads and Go Orange
Feedback
Gaming
Video Games
Board Games
Card Games
Pokémon
Mario
Nintendo
Minecraft
Console
Toys
Legend of Zelda
Gaming
Video Games
Board Games
Card Games
Pokémon
Mario
Nintendo
Minecraft
Console
Toys
Legend of Zelda
Random Quiz
Search Sporcle
×
Quiz Lab
Quiz Lab
Gaming
Explosion
Type in answers that appear in a list
Type in answers that appear in a list
Classic
Best Score? Go Orange.
DK64 explosion Stats
Can you name the DK64 explosion?
By
chris777c
10m
63 Questions
73 Plays
73 Plays
73 Plays
Comments
Comments
Give Quiz Kudos
Give Quiz Kudos
-
- Ratings
hide this ad
Replay
Link that replays current quiz
Next Quiz
Link to next quiz in quiz playlist
You Got
0%
They Got
Avg Score
64%
Avg Friend Score
Upgrade to see
Score Distribution
Jump to the score distribution portion of the page
Score
0/63
Timer
10:00
0
Plays Today
% Correct
DK
98.6%
Diddy Kong
98.6%
Lanky Kong
98.6%
Chunky Kong
98.6%
Yellow
97.3%
Red
97.3%
Blue
97.3%
Purple
97.3%
Green
97.3%
Tiny Kong
95.9%
Golden Banana
90.4%
Jungle Japes
86.3%
Guitar
86.3%
Saxophone
84.9%
Colored Banana
82.2%
King K Rool
82.2%
Triangle
82.2%
King K Rool
82.2%
Crystal Coconut
80.8%
Bongo Drums
80.8%
Coconut Shooter
80.8%
Angry Aztec
79.5%
Frantic Factory
79.5%
Peanut Popguns
79.5%
Grape Shooter
78.1%
Army Dillo
76.7%
Army Dillo
76.7%
Trombone
76.7%
Feather Bow
76.7%
DK Isle
75.3%
Pineapple Launcher
75.3%
Candy's Instruments
74%
% Correct
Fungi Forest
72.6%
Cranky's lab
72.6%
Crystal Caves
71.2%
Creepy Castle
69.9%
Funky's Armory
69.9%
Gloomy Galleon
64.4%
Mad Jack
61.6%
Snide's Blueprints
58.9%
Dogadon
56.2%
Dogadon
56.2%
Banana Medal
54.8%
Orange Grenade
54.8%
Supply Crate
45.2%
Banana Coin
43.8%
Puftoss
43.8%
Kremling
43.8%
Kong Barrels
42.5%
Kong Pads
42.5%
Music Pads
38.4%
KlapTrap
38.4%
Tag Barrels
30.1%
Watermelons
27.4%
TNT Barrels
26%
Kasplat
24.7%
Krusha
23.3%
King K Rool Cut out
20.5%
Bonus Barrels
17.8%
Bananaporter
16.4%
Battle Arena Pads
12.3%
Headphone
11%
5- Banana Coin
5.5%
Quiz Playlist
Details
Report
Send in Message
Add To Playlist
Classic:
Type in answers that appear in a list
Last Updated: Feb 16, 2017
Quiz Scoreboard
CHALLENGE
Sign Up to Join the Scoreboard
Show All
Scores
Hide
Comments
May contain spoilers
Recently Published
Street Fighter Characters
by Artimus82
Gaming
60s
9x9 Crossword: Cartoon Network
by jackfrog10
Miscellaneous
3m
College Basketball Coaching Resumes
by pancakes188
Sports
9m
More to Explore
Quiz From the Vault
Featured Blog Post
Where Did the Easter Bunny Come From?
hide this ad
You Might Also Like...
Tags
Explosion
Today's Top Quizzes in Gaming
Browse Gaming
hide this ad
Today's Top Quizzes in Explosion
Browse Explosion
Top Contributed Quizzes in Gaming
1
5-to-1: Consoles
2
7-to-1: Board Game Piece Blitz
3
5-to-1: Legend of Zelda
4
League of Legends Pro Players by Career/Team History
5
Destiny 2 exotic weapons by perk icons
6
Ultimate Genshin Impact Logic Puzzle (up to 4.3)
7
Franchise by Action Figure
8
Who's on the WWE 2K24 Cover?
9
Genshin Impact Logic Puzzle Quiz
10
Order the Pokémon Regions
Explore More
Trending Topics
Marvel
Crossword
Anime
NBA
Harry Potter
Disney
Kpop
NFL
Soccer
Country
Song
Pokémon
Puzzle
The Office
WWE
hide this ad
More By:
chris777c
Quiz
Plays
Rating
Category
Featured
Created
Harry Potter: Who killed who?
1,539
3.29
Literature
Nov 9, 2011
Harry Potter Quotes Chamber of Secrets
209
4.00
Literature
Dec 17, 2011
Harry Potter (extreme people)
105
2.17
Literature
Dec 14, 2011
Songs on The Lonely Island playlist
92
5.00
Music
Dec 14, 2011
DK64 explosion
73
3.50
Gaming
Dec 21, 2011
Go to Creator's Profile
Score Distribution
Quiz Creator Spotlight
chris777c
Follow
Send a Message
Quizzes Created
-
Created Quiz Play Count
-
More By This Creator
Popular Quizzes Today
1
Find the US States - No Outlines Minefield
2
Find the Countries of Europe - No Outlines Minefield
3
The Countries of the World
4
Find the US States
5
Risky Map Clicking: Biggest States A-Z
6
US States
7
Popular People in 1961
8
Movies - When Are They Set?
More Gaming Quizzes
NFL History through Madden: Yearly Top 10 (WRs)
Quiz Lab
Trending Quizzes
Risky Map Clicking: Least Populous States A-Z
1-10 Letter G Words
Risky Map Clicking: Next State Alphabetically
Adjectives in 80s TV Shows
The Seven Year Switch: Catherine
Recently Updated
Leaping Animals
pecheneg
Reality TV Shows (A-Z)
bhenderson79
Rickey Henderson's Hall of Fame Teammates
pecheneg
Champions League XIs: Arsenal
pecheneg
Quick Pick: Celebrities in WWE's Hall of Fame
aduchscher
A-Z Keypad Blitz II
pecheneg
Multiple Oscar Actors
pecheneg
Mystery Phrase Blitz: Oscar 'Best Actors'
pecheneg
F. Scott Fitzgerald Novels
LTH
Pick 3 Villains
ddd62291
Trending Topics
Anime
Disney
Crossword
Harry Potter
NBA
Kpop
Marvel
Song
Soccer
Country
WWE
Puzzle
The Office
NFL
Pokémon
Your Account Isn't Verified!
In order to create a playlist on Sporcle, you need to verify the email address you used during registration. Go to your
Sporcle Settings
to finish the process.
Report this User
Report this user for behavior that violates our
Community Guidelines
.
Details:
Send Report
Go to the Sporcle.com Mobile Site →
Comments